Fundamentals of numerical control / (Record no. 159835)

MARC details
000 -LEADER
fixed length control field 00613nam a2200217 a 4500
008 - FIXED-LENGTH DATA ELEMENTS--GENERAL INFORMATION
fixed length control field
020 ## - INTERNATIONAL STANDARD BOOK NUMBER
International Standard Book Number 0827321627 (pbk.)
049 ## - LOCAL HOLDINGS (OCLC)
Holding library MAIN
090 ## - LOCALLY ASSIGNED LC-TYPE CALL NUMBER (OCLC); LOCAL CALL NUMBER (RLIN)
Classification number (OCLC) (R) ; Classification number, CALL (RLIN) (NR) TJ1189 LUG
003 - CONTROL NUMBER IDENTIFIER
control field
005 - DATE AND TIME OF LATEST TRANSACTION
control field 20230123134104.0
040 ## - CATALOGING SOURCE
Transcribing agency NUST
100 1# - MAIN ENTRY--PERSONAL NAME
Personal name Luggen, William W.
245 10 - TITLE STATEMENT
Title Fundamentals of numerical control /
Statement of responsibility, etc. William W. Luggen.
260 ## - PUBLICATION, DISTRIBUTION, ETC.
Place of publication, distribution, etc. Albany :
Name of publisher, distributor, etc. Delmar,
Date of publication, distribution, etc. c1984.
300 ## - PHYSICAL DESCRIPTION
Extent x, 272 p. :
Other physical details ill. ;
Dimensions 24 cm.
500 ## - GENERAL NOTE
General note Includes index.
650 #0 - SUBJECT ADDED ENTRY--TOPICAL TERM
Topical term or geographic name entry element Machine-tools-Numerical control.
907 ## - LOCAL DATA ELEMENT G, LDG (RLIN)
a .b10170182
b 06-04-17
c 01-08-05
942 ## - ADDED ENTRY ELEMENTS (KOHA)
Koha item type Ordinary Loan Books
Call number prefix TJ1189 LUG

No items available.